Top 10 Città più popolose Provincia di Vibo Valentia - Statistics

Statistiche generali
  • Questo quiz è stato fatto 16 volte
  • Il punteggio medio è 6 su 10
Statistiche sulle risposte
Popolazione (ab.) Città % Corretto
33 357 Vibo Valentia
100%
6 555 Tropea
92%
8 885 Pizzo
85%
6 894 Mileto
69%
6 850 Serra San Bruno
69%
6 490 Nicotera
62%
5 638 Filadelfia
54%
4 750 Ricadi
31%
4 249 Rombiolo
23%
4 987 San Calogero
23%
Nessun quiz corrispondente trovato
Distribuzione punteggi
Percentuale di utenti per punteggio
Percentile per numero di risposta
I tuoi punteggi nel tempo
Non hai fatto questo quiz